Musical Acts by State - Florida - Statistics

General Stats
  • This quiz has been taken 149 times
  • The average score is 10 of 30
Answer Stats
City/Town Songs Answer % Correct
Jacksonville Sweet Home Alabama | Simple Man Lynyrd Skynyrd
83%
Boca Raton 7 Rings | Thank U, Next Ariana Grande
78%
Gainesville Free Fallin' | I Won't Back Down Tom Petty
76%
Orlando I Want It That Way | As Long As You Love Me Backstreet Boys
72%
Miami Timber | Give Me Everything Pitbull
60%
Tallahassee With Arms Wide Open | My Sacrifice Creed
52%
Miami Gardens Wild Ones | Whistle Flo Rida
50%
Jacksonville Ramblin' Man | Midnight Rider Allman Brothers Band
46%
Miami That's The Way (I Like It) | Give It Up KC and the Sunshine Band
44%
Miami Gucci Gang | I Love It Lil Pump
40%
Plantation Sad! | Jocelyn Flores XXXTentacion
40%
Jacksonville Rollin' (Air Raid Vehicle) | Break Stuff Limp Bizkit
39%
Jacksonville Hold On Loosely | Caught Up In You 38 Special
35%
Miramar Swalla | Wiggle Jason Derulo
32%
Daytona Beach Hot Girl Bummer | Do Re Mi Blackbear
30%
Tallahassee Buy U A Drank (Shawty Snappin') | Bartender T-Pain
26%
Darby Let Your Love Flow | If I Said You Have A Beautiful Body Would You Hold It Against Me The Bellamy Brothers
25%
Jacksonville Ocean Avenue | Only One Yellowcard
22%
Miami Hold On, I'm Comin' | Soul Man Sam & Dave
21%
Tallahassee I'd Love You To Want Me | Me And You And A Dog Named Boo Lobo
18%
Pompano Beach Zeze | No Flockin Kodak Black
17%
Bradenton Check Yes, Juliet | Sad Song We The Kings
16%
Fort Lauderdale Because I Love You (The Postman Song) | Spring Love (Come Back To Me) Stevie B
12%
West Palm Beach Rock Your Baby | I Get Lifted George McCrae
11%
Winter Haven Down To The Honkytonk | Barefoot Blue Jean Night Jake Owen
9%
Miami Clean Up Woman | After The Pain Betty Wright
7%
Miami Expectations | More Than That Lauren Jauregui
7%
McLellan Please Help Me, I'm Falling | Send Me The Pillow You Dream On Hank Locklin
5%
Ocala If It Means A Lot To You | All I Want A Day to Remember
3%
Tampa Mercy, Mercy, Mercy | Autumn Leaves Cannonball Adderley
3%
No matching quizzes found
Score Distribution
Percent of People with Each Score
Percentile by Number Answered
Your Score History
You have not taken this quiz